1284 1827 1934 1897 1320 1770 1704 1913 1311 1898 1072 1034 1949 1249 1862 1436 1446 1052 1723 1840 1101 1804 1361 1115 1555 1782 1381 1154 1095 1433 1427 1101 1132 1253 1103 1898 1702 1011 1419 1736 1141 1600 1333 1852 1158 1384 1154 1459 1640 1142 1805 1950 1742 1571 1088 1134 1824 1752 1490 1585 1889 1233 1455 1330 1405 1839 1512 1718 1750 1415 1595 1067 1285 1576 1421 1423 1129 1353 1349 1680 1155 1966 1307 1922 1972 1895 1887 1986 1780 1947 1722 1511 1026 1436 1547 1130 1634 1369 1779 BCNSPRNW ULIB Ver.6.0+V

เปลี่ยนเป็นภาษาไทย

Change to English
 แสดงรายละเอียดบรรณานุกรม
  กลับหน้าหลัก

Brief Record : Get Marc (ISO 2709) : E-mail record : QR code < ปิดหน้าต่าง
LEADER : 00000nam 2200000uu 4500
001    13399120468
003     ULIB
008    120920s2551||||th 000 0 tha d
020    ^a9744659254
060 04 ^aWB50^bก451 2551
245 00 ^aการดูแลสุขภาพหญิงหลังคลอดด้วยการแพทย์แผนไทย /^cบรรณาธิการ,พรทิพย์ เติมวิเศษ
250    ^aพิมพ์ครั้งที่ 2
260    ^a[นนทบุรี] :^bกลุ่มงานพัฒนาวิชาการแพทย์แผนไทยและสมุนไพรสถาบันการแพทย์แผนไทย กรมพัฒนาการแพทย์แผนไทยและการแพทย์ทางเลือก,^c2551
300    ^aก-ฉ, 121 หน้า :^bภาพประกอบ ;^c21 ซม.
650  7 ^aการดูแลภายหลังคลอด
650  7 ^aการแพทย์แผนไทย
650  7 ^aสมุนไพร^xการใช้รักษา
650  7 ^aภูมิปัญญาชาวบ้าน
700 0  ^aพรทิพย์ เติมวิเศษ,^eบรรณาธิการ
710 2  ^aกรมพัฒนาการแพทย์แผนไทยและการแพทย์ทางเลือก.^bสถาบันการแพทย์แผนไทย
710 2  ^aสถาบันการแพทย์แผนไทย.^bกลุ่มงานพัฒนาวิชาการแพทย์แผนไทยและสมุนไพร
945    ^p0^l0^i17018
945    ^p0^l0^i17019
995    ^aกัณชพร
999 ^a ใช้งานได้ทุกระบบ
รายการนี้ยังไม่มีแท็ก
คุณยังไม่ได้ล็อกอิน คุณสามารถมีกิจกรรมร่วมกับเว็บไซต์ได้ แต่ต้องล็อกอินก่อน ::
  ล็อกอิน

รายการสื่อสารสนเทศ

ลำดับที่ ประเภท เลขเรียก/บาร์โค้ด สถานที่ สถานะ
1. วิทยาศาสตร์การแพทย์ และสุขภาพ
วิทยาศาสตร์การแพทย์ และสุขภาพ
สถานะ=หนังสือเก่า
WB50 ก451 2551 ฉ.2 
  Barcode: 17019
ห้องสมุดวิทยาเขตสวรรค์ประชารักษ์
►ส่วนจัดเก็บหนังสือเก่า สปร
บนชั้น
  ขอยืม

รายการใกล้เคียง
    หัวเรื่อง [การดูแลภายหลังคลอด]
    หัวเรื่อง [การแพทย์แผนไทย]
    หัวเรื่อง [ภูมิปัญญาชาวบ้าน]

BibComment


ยังไม่เคยถูกคอมเมนท์

คอมเมนท์ทรัพยากรรายการนี้
  คอมเมนท์: การดูแลสุขภาพหญิ..


 Copyright 2026. Bcnsprnw @Library